01019nam a2200217 a 450000100100000000500170001000800410002704000250006810000380009324501330013126001110026430000280037549000530040350000210045650400320047771000620050971000470057183000600061895201060067899900170078400004109220201002034619.0130917s2004 sp a 001 0 spa d aDO-SdBNPbspacBNPHU1 aMayoral Herrera, Victorino96760710aPaisajes agrarios y cambio social en Andalucía Oriental entre los períodos Ibérico y Romano /cVictoriano Mayoral Herrera. aMadrid :bConsejo Superior de Investigaciones Científicas :bInstituto Arqueología de Mérida,c2004. a337 p. :bil. ;c29 cm.1 aAnejos de Archivo español de arqueologíav31 aIncluye índice aBibliografía : p. 295-3112 aConsejo Superior de Investigaciones Científicas :947862 aInstituto Arqueología de Mérida967608 0aAnejos de Archivo español de arqueologían31967609 0010507-18MOaGRbGRcOId2013-09-17iLF1l0o p41092-10r2020-06-25w2020-06-25y1ZNo se presta c40582d40582